载入...

Branding Demystified

书目详细资料
主要作者: Harsh V Verma
格式: Printed Book
出版: New Delhi Response Books 2010
版:1st
主题:
LEADER 00493nam a22001697a 4500
003 OSt
020 |a 9788132102342 
082 |a 658.827  |b HAR/BR 
100 |a Harsh V Verma 
245 |a Branding Demystified 
250 |a 1st 
260 |a New Delhi  |b Response Books  |c 2010 
300 |a 247 
650 |a What is a Brand? 
942 |2 ddc  |c BK 
999 |c 188783  |d 188783 
952 |0 0  |1 0  |2 ddc  |4 0  |6 658_827000000000000_HAR_BR  |7 0  |9 194929  |a KAUCBV  |b KAUCBV  |d 2015-03-13  |g 0.00  |o 658.827 HAR/BR  |r 2015-03-13  |w 2015-03-13  |y BK